Guide to BBA/BBS Entrance Examination/ (Record no. 29363)

MARC details
000 -LEADER
fixed length control field 00847nam a22002177a 4500
008 - FIXED-LENGTH DATA ELEMENTS--GENERAL INFORMATION
fixed length control field 090821t xxu||||| |||| 00| 0 eng d
010 ## - LCCN (DPL NO)
LC control number B-355794
020 ## - INTERNATIONAL STANDARD BOOK NUMBER
Terms of availability 290-00
035 ## - SYSTEM CONTROL NUMBER
System control number B-355794
037 ## - SOURCE OF ACQUISITION
Stock number UBH
Source of stock number/acquisition RP/CL/E;18/82/13-08-09/19-08-09/20-08-09
040 ## - CATALOGING SOURCE
Original cataloging agency dpl
Language of cataloging eng
082 ## - DEWEY DECIMAL CLASSIFICATION NUMBER
Classification number 000
100 ## - MAIN ENTRY--PERSONAL NAME
Personal name Gulati,S.L
245 ## - TITLE STATEMENT
Title Guide to BBA/BBS Entrance Examination/
Statement of responsibility, etc by S.L.Gulati,Sanjay Kumar Sharma &Khaleeq Ahmed
260 ## - PUBLICATION, DISTRIBUTION, ETC. (IMPRINT)
Place of publication, distribution, etc New Delhi
Name of publisher, distributor, etc Bookhive
Date of publication, distribution, etc 2009
270 ## - ADDRESS
Address CB-349 Ring Road Naraina
City New Delhi
Postal code 110028
Telephone number 25778295
Electronic mail address bookhive@yahoo.com
300 ## - PHYSICAL DESCRIPTION
Extent 650pgs
Dimensions 24cm
942 ## - ADDED ENTRY ELEMENTS (KOHA)
Source of classification or shelving scheme Dewey Decimal Classification
Item type English Books
Classification part 000
Call number suffix GUL
Holdings
Withdrawn status Lost status Source of classification or shelving scheme Damaged status Not for loan Home library Current library Date acquired Source of acquisition Cost, normal purchase price Total Checkouts Full call number Barcode Date last seen Copy number Cost, replacement price Koha item type
    Dewey Decimal Classification     Central Library Central Library 20/08/2009 RP /CL 290.00   000 GUL B-355794 21/08/2009 1 290.00 English Books

© Delhi Public Library
Hit Counter
free hit counter